000 00861nmm a2200265 a 4500
001 ocm0001221657
003 TR-IsHL
005 20201028154734.0
008 131219s2011 tu tur
007 cr cn
020 _a9789754839166
035 _a1221657
_b(N$T)
050 0 4 _aPL223
_b.K63 2011
090 0 4 _aPL223
_b.K63 2011
100 1 _aKocaöner Silkü, Rezzan
245 1 0 _aSömürgecilik sonrası roman ve eleştirisi
_h[electronic resource] /
_cRezzan Kocaöner Silkü
260 _aİzmir :
_bEge Üniversitesi Yayınları,
_c2011
300 _a141 p.
650 4 _aDil ve Edebiyat
650 4 _aLanguage and Literature
650 0 _aRoman eleştirisi
650 0 _aFiction reviewing
650 7 _aFICTION / General
_2bisacsh
856 4 0 _uhttp://search.ebscohost.com/login.aspx?direct=true&scope=site&db=e011xww&AN=1221657
999 _c12731
_d12731